[Event "19. Obert Int. Sant Marti 2017 - B"]
[Site "Barcelona ESP"]
[Date "2017.07.17"]
[Round "5.51"]
[White "Ferre Navarro, Joan"]
[Black "Corominas Garrido, Antonio"]
[Result "0-1"]
[WhiteElo "1587"]
[BlackElo "1803"]
[PlyCount "110"]
[EventDate "2017.07.13"]
[EventType "swiss"]
[EventRounds "9"]
[EventCountry "ESP"]
[SourceTitle "Ajedrez en Madrid"]
[Source "lmi"]
[SourceDate "2017.07.13"]
[SourceVersion "1"]
[SourceVersionDate "2019.06.21"]
[SourceQuality "1"]

1. d4 Nf6 2. Nf3 d5 3. Bf4 Bf5 4. e3 e6 5. Be2 c5 6. c3 Nc6 7. O-O Be7 8. h3
O-O 9. Nbd2 Qb6 10. Qb3 Qxb3 11. Nxb3 c4 12. Nbd2 b5 13. Nh4 Bg6 14. Nxg6 hxg6
15. f3 Nh5 16. Bh2 Bg5 17. f4 Be7 18. e4 Nf6 19. Bf3 Rfd8 20. Rae1 a5 21. Re2
b4 22. exd5 exd5 23. Rfe1 Bf8 24. Nxc4 Ra6 25. Ne5 Na7 26. Nd3 bxc3 27. bxc3
Rc6 28. Nc5 Bxc5 29. dxc5 Rxc5 30. Rd2 Nb5 31. Bg3 Nxc3 32. Bf2 Rb5 33. Bd4 Rb1
34. Rxb1 Nxb1 35. Rd1 Na3 36. Bxf6 gxf6 37. Rxd5 Rxd5 38. Bxd5 Nb5 39. a4 Nc7
40. Bc4 Kf8 41. Kf2 Ke7 42. Ke3 Ne6 43. Bxe6 fxe6 44. Kd4 Kd6 45. g4 e5+ 46.
fxe5+ fxe5+ 47. Ke4 g5 48. Ke3 Kd5 49. Kd3 e4+ 50. Ke3 Ke5 51. Ke2 Kf4 52. Kf2
e3+ 53. Ke2 Ke4 54. Ke1 Kf3 55. Kf1 Kg3 0-1

[Event "19. Obert Int. Sant Marti 2017 - B"]
[Site "Barcelona ESP"]
[Date "2017.07.17"]
[Round "5.52"]
[White "Flemming, Klaus"]
[Black "Riera Mestres, Josep"]
[Result "1/2-1/2"]
[WhiteElo "1766"]
[BlackElo "1579"]
[PlyCount "112"]
[EventDate "2017.07.13"]
[EventType "swiss"]
[EventRounds "9"]
[EventCountry "ESP"]
[SourceTitle "Ajedrez en Madrid"]
[Source "lmi"]
[SourceDate "2017.07.13"]
[SourceVersion "1"]
[SourceVersionDate "2019.06.21"]
[SourceQuality "1"]

1. c4 c5 2. Nc3 g6 3. g3 a6 4. Bg2 Bg7 5. Nf3 Nf6 6. O-O O-O 7. d4 cxd4 8. Nxd4
Nc6 9. e4 Qc7 10. Nxc6 dxc6 11. Be3 Be6 12. Qe2 Ng4 13. Bd2 Ne5 14. b3 Rad8 15.
Rad1 Rd6 16. Nb1 Rfd8 17. Bb4 Rxd1 18. Rxd1 Bf6 19. h3 Kg7 20. Bc3 h5 21. c5
Qc8 22. Rxd8 Qxd8 23. f4 Qd3 24. Kf2 Qxb1 25. fxe5 Bg5 26. h4 Bh6 27. Bf3 Qc1
28. Bd4 Bg4 29. Qb2 Qxb2+ 30. Bxb2 Bc8 31. Bd4 Be6 32. Be3 Bxe3+ 33. Kxe3 Kf8
34. Be2 Bh3 35. Bc4 Bg4 36. Kf4 Kg7 37. b4 Bd1 38. Ke3 Ba4 39. Kd4 Kf8 40. Kc3
Bd1 41. Kb2 Bf3 42. Ka3 Bxe4 43. Ka4 Ke8 44. Ka5 Bd5 45. Be2 Kd8 46. Kb6 Kc8
47. a4 e6 48. g4 hxg4 49. Bxg4 Be4 50. h5 gxh5 51. Bxh5 Bg6 52. Bf3 Bc2 53. a5
Bd3 54. Bh5 Bg6 55. Be2 Be4 56. Bh5 Bg6 1/2-1/2

[Event "19. Obert Int. Sant Marti 2017 - B"]
[Site "Barcelona ESP"]
[Date "2017.07.17"]
[Round "5.53"]
[White "Molinas Garcia, Francisco"]
[Black "Martinez Navarro, Miquel"]
[Result "1-0"]
[WhiteElo "1738"]
[BlackElo "1547"]
[PlyCount "71"]
[EventDate "2017.07.13"]
[EventType "swiss"]
[EventRounds "9"]
[EventCountry "ESP"]
[SourceTitle "Ajedrez en Madrid"]
[Source "lmi"]
[SourceDate "2017.07.13"]
[SourceVersion "1"]
[SourceVersionDate "2019.06.21"]
[SourceQuality "1"]

1. e4 e5 2. Nf3 Nc6 3. Bb5 d6 4. c3 Be7 5. d4 a6 6. Ba4 b5 7. Bb3 Na5 8. Bc2 h6
9. dxe5 Bg4 10. exd6 Qxd6 11. O-O Nc4 12. Qd3 Qf6 13. Qd4 Bxf3 14. Qxf6 Nxf6
15. gxf3 O-O 16. f4 Bc5 17. b3 Nb6 18. b4 Be7 19. e5 Nfd7 20. Nd2 Nd5 21. Ne4
N7b6 22. a4 bxa4 23. Bxa4 Nxa4 24. Rxa4 f5 25. exf6 Nxf6 26. Nxf6+ Rxf6 27. Be3
Bd6 28. b5 a5 29. Rfa1 Kf7 30. Re4 Rf5 31. c4 Bb4 32. Rd1 Bd6 33. b6 Rc8 34. c5
Bxc5 35. Rd7+ Kf8 36. Rxc7 1-0

[Event "19. Obert Int. Sant Marti 2017 - B"]
[Site "Barcelona ESP"]
[Date "2017.07.17"]
[Round "5.54"]
[White "Gibert Juan, Ramon"]
[Black "Moreno Oller, Victor"]
[Result "0-1"]
[WhiteElo "1580"]
[BlackElo "1730"]
[PlyCount "98"]
[EventDate "2017.07.13"]
[EventType "swiss"]
[EventRounds "9"]
[EventCountry "ESP"]
[SourceTitle "Ajedrez en Madrid"]
[Source "lmi"]
[SourceDate "2017.07.13"]
[SourceVersion "1"]
[SourceVersionDate "2019.06.21"]
[SourceQuality "1"]

1. d4 Nf6 2. c4 g6 3. Nc3 Bg7 4. e4 d6 5. Nf3 O-O 6. Be2 Bg4 7. O-O Nfd7 8. Bg5
Nc6 9. d5 Bxf3 10. Bxf3 Na5 11. Be2 Bxc3 12. bxc3 Nb6 13. Bh6 Re8 14. Qd4 f6
15. f4 Nd7 16. Rf3 c5 17. dxc6 Nxc6 18. Qd5+ e6 19. Qxd6 Qb6+ 20. Kf1 Rad8 21.
Qd2 Nde5 22. Qc2 Nxf3 23. Bxf3 Qe3 24. Re1 Rd2 25. Rxe3 Rxc2 26. a4 Rd8 27. Ke1
Rc1+ 28. Kf2 Ra1 29. Bg4 Kf7 30. f5 Rd2+ 31. Kg3 Ne5 32. fxe6+ Ke7 33. Bh3 Rd3
34. c5 Rxe3+ 35. Bxe3 Nc6 36. Bf4 Ne5 37. Be3 Ra3 38. Bd4 Nc6 39. Kf4 Rxa4 40.
Ke3 Ra2 41. Kf4 h5 42. Kf3 a5 43. g3 Rxh2 44. Bg2 Nxd4+ 45. cxd4 Kxe6 46. d5+
Kd7 47. Kf2 a4 48. c6+ bxc6 49. dxc6+ Kc7 0-1

[Event "19. Obert Int. Sant Marti 2017 - B"]
[Site "Barcelona ESP"]
[Date "2017.07.17"]
[Round "5.55"]
[White "Rodriguez Beltran, Fernando"]
[Black "Subirana Santos, Marc"]
[Result "1-0"]
[WhiteElo "1553"]
[BlackElo "1679"]
[PlyCount "69"]
[EventDate "2017.07.13"]
[EventType "swiss"]
[EventRounds "9"]
[EventCountry "ESP"]
[SourceTitle "Ajedrez en Madrid"]
[Source "lmi"]
[SourceDate "2017.07.13"]
[SourceVersion "1"]
[SourceVersionDate "2019.06.21"]
[SourceQuality "1"]

1. d4 Nf6 2. c4 g6 3. Nc3 Bg7 4. e4 d6 5. h3 O-O 6. Bg5 c5 7. d5 Nbd7 8. Nf3 a6
9. Rb1 h6 10. Be3 Ne8 11. g4 b5 12. cxb5 axb5 13. Bxb5 Qa5 14. Bc6 Ra7 15. O-O
g5 16. Bd2 Nef6 17. Nb5 Qxa2 18. Nxa7 Qxa7 19. Re1 Nb6 20. Ra1 Qb8 21. Bc3 e5
22. Nd2 h5 23. f3 hxg4 24. hxg4 c4 25. b3 Nbd7 26. Nxc4 Nc5 27. Ra8 Qxb3 28.
Qxb3 Nxb3 29. Nxd6 Bxg4 30. Rxf8+ Bxf8 31. fxg4 Bxd6 32. Rb1 Bc5+ 33. Kg2 Nd4
34. Bxd4 exd4 35. Rc1 1-0

[Event "19. Obert Int. Sant Marti 2017 - B"]
[Site "Barcelona ESP"]
[Date "2017.07.17"]
[Round "5.56"]
[White "Escofet Llongueras, Joan"]
[Black "Pascual Duran, Pau"]
[Result "1/2-1/2"]
[WhiteElo "1676"]
[BlackElo "1491"]
[PlyCount "50"]
[EventDate "2017.07.13"]
[EventType "swiss"]
[EventRounds "9"]
[EventCountry "ESP"]
[SourceTitle "Ajedrez en Madrid"]
[Source "lmi"]
[SourceDate "2017.07.13"]
[SourceVersion "1"]
[SourceVersionDate "2019.06.21"]
[SourceQuality "1"]

1. c4 e5 2. Nc3 d6 3. g3 Nc6 4. Bg2 Be6 5. d3 Qd7 6. Nf3 Be7 7. Nd5 Bd8 8. Ng5
Bxg5 9. Bxg5 f6 10. Bd2 O-O-O 11. b4 Bh3 12. O-O h5 13. a4 h4 14. Bf3 hxg3 15.
fxg3 Nd4 16. Rf2 Nxf3+ 17. Rxf3 Bg2 18. Rf2 Bxd5 19. cxd5 Nh6 20. Bxh6 Rxh6 21.
e4 Rdh8 22. Raa2 Rg6 23. Qf3 Qh3 24. Qf5+ Qxf5 25. Rxf5 Rgh6 1/2-1/2

[Event "19. Obert Int. Sant Marti 2017 - B"]
[Site "Barcelona ESP"]
[Date "2017.07.17"]
[Round "5.59"]
[White "Olleta Tanya, Jordi"]
[Black "Recio Reyes, Sergio"]
[Result "0-1"]
[WhiteElo "1450"]
[BlackElo "1807"]
[PlyCount "96"]
[EventDate "2017.07.13"]
[EventType "swiss"]
[EventRounds "9"]
[EventCountry "ESP"]
[SourceTitle "Ajedrez en Madrid"]
[Source "lmi"]
[SourceDate "2017.07.13"]
[SourceVersion "1"]
[SourceVersionDate "2019.06.21"]
[SourceQuality "1"]

1. Nf3 d5 2. d4 Nf6 3. e3 Bf5 4. Nbd2 Nbd7 5. Be2 e6 6. Nh4 Bg6 7. Nxg6 hxg6 8.
Nf3 Bd6 9. g3 Ne4 10. Nd2 Nxg3 11. fxg3 Bxg3+ 12. hxg3 Rxh1+ 13. Nf1 Qg5 14.
Kd2 Nf6 15. Bd3 Ne4+ 16. Bxe4 dxe4 17. Qe2 O-O-O 18. c3 e5 19. Kc2 Qf5 20. Bd2
f6 21. Rd1 Qf3 22. Qxf3 exf3 23. Kd3 g5 24. Ke4 exd4 25. cxd4 Kd7 26. Kxf3 Ke6
27. Kg2 Rdh8 28. Re1 Kd5 29. Kf3 f5 30. Bc3 g6 31. a3 Rg1 32. Kf2 Rgh1 33. Kg2
R1h7 34. Kf3 Re8 35. Nd2 Rh5 36. Re2 Rh7 37. Nf1 Kc4 38. e4 fxe4+ 39. Kg4 Rf7
40. Ne3+ Kd3 41. Re1 Rf3 42. Nd5 c6 43. Nf6 Rxf6 44. Kxg5 Rf3 45. g4 e3 46.
Kxg6 Rg8+ 47. Kh7 Rxg4 48. Rh1 e2 0-1

[Event "19. Obert Int. Sant Marti 2017 - B"]
[Site "Barcelona ESP"]
[Date "2017.07.17"]
[Round "5.60"]
[White "Jimenez Rimblas, Raul"]
[Black "Barrot Farre, Salvador"]
[Result "0-1"]
[WhiteElo "1437"]
[BlackElo "1771"]
[PlyCount "110"]
[EventDate "2017.07.13"]
[EventType "swiss"]
[EventRounds "9"]
[EventCountry "ESP"]
[SourceTitle "Ajedrez en Madrid"]
[Source "lmi"]
[SourceDate "2017.07.13"]
[SourceVersion "1"]
[SourceVersionDate "2019.06.21"]
[SourceQuality "1"]

1. e4 c5 2. Nf3 d6 3. d4 cxd4 4. Nxd4 Nf6 5. Nc3 a6 6. Bc4 e6 7. Bg5 Be7 8. O-O
b5 9. Bb3 Bb7 10. Re1 O-O 11. Bxe6 fxe6 12. Nxe6 Qc8 13. Nxf8 Qxf8 14. f3 Nbd7
15. Qd2 Rd8 16. Rad1 Ne5 17. Nd5 Nxd5 18. exd5 Bf6 19. Qf4 Bxg5 20. Qxg5 h6 21.
Qg3 Qf5 22. Qh4 Rd7 23. Qe4 Qf7 24. f4 Nc4 25. b3 Nb6 26. c4 bxc4 27. bxc4 Rc7
28. Rb1 Na4 29. Qe6 Rd7 30. g4 Nc5 31. Qxf7+ Kxf7 32. Re3 a5 33. Kf2 Ba6 34.
Rc1 Rb7 35. a3 Rb2+ 36. Kg3 a4 37. Kh4 Rxh2+ 38. Rh3 Re2 39. g5 hxg5+ 40. fxg5
Re4+ 41. Kh5 Bxc4 42. Rf3+ Kg8 43. Rb1 Nb3 44. Kg6 Bxd5 45. Rf5 Re6+ 46. Kh5
Be4 47. Rb5 Bxb1 48. Rb8+ Kf7 49. Rb7+ Re7 50. Rxe7+ Kxe7 51. Kg4 d5 52. Kf3 d4
53. Ke2 d3+ 54. Kf3 d2 55. Ke2 Bc2 0-1

[Event "19. Obert Int. Sant Marti 2017 - B"]
[Site "Barcelona ESP"]
[Date "2017.07.17"]
[Round "5.61"]
[White "Romero Funieles, Rafael"]
[Black "Bailly, Axel"]
[Result "1-0"]
[WhiteElo "1683"]
[BlackElo "1470"]
[PlyCount "61"]
[EventDate "2017.07.13"]
[EventType "swiss"]
[EventRounds "9"]
[EventCountry "ESP"]
[SourceTitle "Ajedrez en Madrid"]
[Source "lmi"]
[SourceDate "2017.07.13"]
[SourceVersion "1"]
[SourceVersionDate "2019.06.21"]
[SourceQuality "1"]

1. e4 e5 2. Nf3 Nc6 3. Bc4 Bc5 4. O-O d6 5. c3 Bg4 6. d4 exd4 7. Bxf7+ Kd7 8.
Bxg8 Rxg8 9. h3 Bh5 10. Ne5+ dxe5 11. Qxh5 Qf6 12. cxd4 Bxd4 13. Nc3 Raf8 14.
Be3 Bxc3 15. bxc3 Kc8 16. a4 h6 17. Rab1 g5 18. Qe2 g4 19. hxg4 Qh4 20. f3 h5
21. g5 Rxg5 22. Bxg5 Qxg5 23. Qb5 Qe3+ 24. Rf2 Qxc3 25. Qxb7+ Kd7 26. Rd1+ Nd4
27. Qd5+ Ke7 28. Qxe5+ Kf7 29. Qxd4 Qb3 30. Qd5+ Qxd5 31. Rxd5 1-0

[Event "19. Obert Int. Sant Marti 2017 - B"]
[Site "Barcelona ESP"]
[Date "2017.07.17"]
[Round "5.62"]
[White "Valbuena Castro, Gregorio"]
[Black "Bienvenido Kleque, Jose"]
[Result "1-0"]
[WhiteElo "1682"]
[BlackElo "1468"]
[PlyCount "63"]
[EventDate "2017.07.13"]
[EventType "swiss"]
[EventRounds "9"]
[EventCountry "ESP"]
[SourceTitle "Ajedrez en Madrid"]
[Source "lmi"]
[SourceDate "2017.07.13"]
[SourceVersion "1"]
[SourceVersionDate "2019.06.21"]
[SourceQuality "1"]

1. e4 c6 2. d4 d5 3. e5 Bf5 4. Bd3 Bxd3 5. Qxd3 e6 6. Nf3 Qd7 7. O-O Be7 8. c3
c5 9. Be3 c4 10. Qc2 Nc6 11. Nbd2 Bd8 12. b3 b5 13. bxc4 bxc4 14. Rab1 Bb6 15.
Rb2 Nge7 16. Ng5 h6 17. Nh3 Nf5 18. g4 Nxe3 19. fxe3 Rb8 20. Nf3 h5 21. g5 g6
22. Nf4 Rg8 23. e4 Rg7 24. exd5 exd5 25. Qg2 Ne7 26. Re2 Qc7 27. Nd2 Qc6 28. e6
fxe6 29. Rxe6 Qd7 30. Rfe1 Bd8 31. Nxd5 Rb7 32. Nf6+ 1-0

[Event "19. Obert Int. Sant Marti 2017 - B"]
[Site "Barcelona ESP"]
[Date "2017.07.17"]
[Round "5.63"]
[White "Avila Lopez, Juan"]
[Black "Ylla Soro, Rafael"]
[Result "1-0"]
[WhiteElo "1282"]
[BlackElo "1612"]
[PlyCount "35"]
[EventDate "2017.07.13"]
[EventType "swiss"]
[EventRounds "9"]
[EventCountry "ESP"]
[SourceTitle "Ajedrez en Madrid"]
[Source "lmi"]
[SourceDate "2017.07.13"]
[SourceVersion "1"]
[SourceVersionDate "2019.06.21"]
[SourceQuality "1"]

1. d4 f5 2. Nf3 Nf6 3. Bg5 e6 4. Nc3 Be7 5. e3 b6 6. Bd3 Bb7 7. O-O O-O 8. Re1
Nc6 9. e4 fxe4 10. Nxe4 Nxe4 11. Bxe4 Bxg5 12. d5 exd5 13. Qxd5+ Kh8 14. Nxg5
Qf6 15. Nxh7 Qxf2+ 16. Kh1 Na5 17. Qh5 Bxe4 18. Nf6+ 1-0

[Event "19. Obert Int. Sant Marti 2017 - B"]
[Site "Barcelona ESP"]
[Date "2017.07.17"]
[Round "5.64"]
[White "Gomez Guinovart, Josep Manel"]
[Black "Marzo Ruiz, Xavier"]
[Result "1-0"]
[WhiteElo "1601"]
[BlackElo "1439"]
[PlyCount "53"]
[EventDate "2017.07.13"]
[EventType "swiss"]
[EventRounds "9"]
[EventCountry "ESP"]
[SourceTitle "Ajedrez en Madrid"]
[Source "lmi"]
[SourceDate "2017.07.13"]
[SourceVersion "1"]
[SourceVersionDate "2019.06.21"]
[SourceQuality "1"]

1. d4 g6 2. Nf3 Bg7 3. Bf4 d6 4. e3 Nf6 5. h3 b6 6. Be2 Bb7 7. O-O O-O 8. Nbd2
Nbd7 9. c3 c5 10. Qb3 cxd4 11. exd4 Bd5 12. Bc4 Bxc4 13. Qxc4 Rc8 14. Qd3 Nd5
15. Bg3 Bh6 16. Rad1 Nf4 17. Qb5 Re8 18. Rfe1 Nf6 19. Nf1 Qd7 20. Qxd7 Nxd7 21.
Ne3 d5 22. Ng4 Nxh3+ 23. gxh3 Bf8 24. Bf4 e6 25. Nfe5 f5 26. Nxd7 fxg4 27. Nf6+
1-0

[Event "19. Obert Int. Sant Marti 2017 - B"]
[Site "Barcelona ESP"]
[Date "2017.07.17"]
[Round "5.65"]
[White "Lobo Pereira, Arami"]
[Black "Gabrielsen, Rasmus Arvola"]
[Result "1/2-1/2"]
[WhiteElo "1206"]
[BlackElo "1599"]
[PlyCount "85"]
[EventDate "2017.07.13"]
[EventType "swiss"]
[EventRounds "9"]
[EventCountry "ESP"]
[SourceTitle "Ajedrez en Madrid"]
[Source "lmi"]
[SourceDate "2017.07.13"]
[SourceVersion "1"]
[SourceVersionDate "2019.06.21"]
[SourceQuality "1"]

1. d4 Nf6 2. Nf3 d5 3. e3 Bg4 4. Nbd2 Nc6 5. Bd3 e6 6. b3 Be7 7. Bb2 Qd7 8. O-O
O-O-O 9. Rc1 g5 10. h3 Bxf3 11. Qxf3 Rdg8 12. c4 Kb8 13. a3 g4 14. hxg4 h5 15.
gxh5 Rxh5 16. Qe2 Bd6 17. f4 Ng4 18. Rf3 Qd8 19. Nf1 Rgh8 20. Rh3 Qg8 21. Rxh5
Rxh5 22. Ng3 Rh6 23. Qf3 Ne7 24. Be2 Nf6 25. Kf1 Nc8 26. Ke1 Ne4 27. Nxe4 dxe4
28. Qxe4 Qg3+ 29. Kd2 Rh2 30. c5 Be7 31. Rc4 Rxg2 32. Rb4 c6 33. Kd3 Rxe2 34.
Kxe2 Qh2+ 35. Kd3 Qxb2 36. Qe5+ Ka8 37. Qc7 Qb1+ 38. Ke2 Qc2+ 39. Kf3 Qd1+ 40.
Kg2 Qe2+ 41. Kh1 Qf1+ 42. Kh2 Qf2+ 43. Kh1 1/2-1/2

[Event "19. Obert Int. Sant Marti 2017 - B"]
[Site "Barcelona ESP"]
[Date "2017.07.17"]
[Round "5.66"]
[White "Rodriguez Batuecas, Jordi"]
[Black "Arias Aranda, Guillem"]
[Result "1-0"]
[WhiteElo "1551"]
[BlackElo "1438"]
[PlyCount "57"]
[EventDate "2017.07.13"]
[EventType "swiss"]
[EventRounds "9"]
[EventCountry "ESP"]
[SourceTitle "Ajedrez en Madrid"]
[Source "lmi"]
[SourceDate "2017.07.13"]
[SourceVersion "1"]
[SourceVersionDate "2019.06.21"]
[SourceQuality "1"]

1. e4 d6 2. Nf3 e5 3. Nc3 Nf6 4. Be2 Nbd7 5. O-O Be7 6. d3 O-O 7. Be3 Ng4 8.
Nd5 Nxe3 9. Nxe7+ Qxe7 10. fxe3 f5 11. exf5 Rxf5 12. e4 Rf8 13. Qd2 h6 14. Qe3
Nf6 15. Nd2 Ng4 16. Rxf8+ Qxf8 17. Bxg4 Bxg4 18. Rf1 Qe7 19. Qg3 Be6 20. a3 Rf8
21. Rxf8+ Qxf8 22. Qg6 Qf7 23. Qxf7+ Kxf7 24. Kf2 Kf6 25. Nb1 Kg5 26. Nc3 c6
27. Nd1 Kf4 28. Ne3 g5 29. g3# 1-0

[Event "19. Obert Int. Sant Marti 2017 - B"]
[Site "Barcelona ESP"]
[Date "2017.07.17"]
[Round "5.67"]
[White "Guinjoan Fradera, Joan"]
[Black "Sanchez Rodriguez, Raul"]
[Result "1-0"]
[WhiteElo "1531"]
[BlackElo "1228"]
[PlyCount "83"]
[EventDate "2017.07.13"]
[EventType "swiss"]
[EventRounds "9"]
[EventCountry "ESP"]
[SourceTitle "Ajedrez en Madrid"]
[Source "lmi"]
[SourceDate "2017.07.13"]
[SourceVersion "1"]
[SourceVersionDate "2019.06.21"]
[SourceQuality "1"]

1. e4 e5 2. Nf3 Nc6 3. Bc4 Nf6 4. d3 Be7 5. O-O O-O 6. Nc3 d6 7. h3 Be6 8. Bb3
h6 9. d4 Bxb3 10. axb3 Nxd4 11. Nxd4 exd4 12. Qxd4 c5 13. Qd1 Qd7 14. f4 Qc6
15. Nd5 Nxd5 16. Qxd5 Qxd5 17. exd5 Bf6 18. c3 Rfe8 19. Bd2 Re2 20. Rf2 Rae8
21. Kf1 Rxf2+ 22. Kxf2 g5 23. Rxa7 b5 24. Bc1 Bd8 25. Ra8 gxf4 26. Kf3 Kf8 27.
Bxf4 Bc7 28. Rxe8+ Kxe8 29. Bxh6 Ba5 30. Bc1 Ke7 31. Kf4 b4 32. c4 Kf6 33. g4
Kg6 34. h4 Bd8 35. h5+ Kh6 36. Kf5+ Kg7 37. h6+ Kh7 38. Bf4 Be7 39. g5 Bd8 40.
Bxd6 f6 41. gxf6 Kxh6 42. f7 1-0

[Event "19. Obert Int. Sant Marti 2017 - B"]
[Site "Barcelona ESP"]
[Date "2017.07.17"]
[Round "5.71"]
[White "Rodriguez Monago, Juan Antonio"]
[Black "Hernandez Mediavilla, Juan Jose"]
[Result "1/2-1/2"]
[WhiteElo "1468"]
[BlackElo "1312"]
[PlyCount "52"]
[EventDate "2017.07.13"]
[EventType "swiss"]
[EventRounds "9"]
[EventCountry "ESP"]
[SourceTitle "Ajedrez en Madrid"]
[Source "lmi"]
[SourceDate "2017.07.13"]
[SourceVersion "1"]
[SourceVersionDate "2019.06.21"]
[SourceQuality "1"]

1. e4 c6 2. Nf3 d6 3. d4 Bg4 4. h3 Bh5 5. Nc3 Nf6 6. Be2 Nbd7 7. Be3 e5 8. dxe5
dxe5 9. a3 Bxf3 10. Bxf3 Bc5 11. Qe2 Bxe3 12. Qxe3 Qb6 13. Qxb6 Nxb6 14. b3 Rd8
15. Ke2 Ke7 16. Rhd1 Rxd1 17. Rxd1 Rd8 18. Rxd8 Kxd8 19. Ke3 Ke7 20. Be2 Nfd7
21. f3 Nc8 22. a4 a5 23. Nd1 Nc5 24. Nb2 Nd6 25. Nc4 Nxc4+ 26. Bxc4 f6 1/2-1/2

[Event "19. Obert Int. Sant Marti 2017 - B"]
[Site "Barcelona ESP"]
[Date "2017.07.17"]
[Round "5.72"]
[White "Bernat Mor, Juli"]
[Black "Pifarre Gene, Joan Baptista"]
[Result "0-1"]
[WhiteElo "1274"]
[BlackElo "1422"]
[PlyCount "60"]
[EventDate "2017.07.13"]
[EventType "swiss"]
[EventRounds "9"]
[EventCountry "ESP"]
[SourceTitle "Ajedrez en Madrid"]
[Source "lmi"]
[SourceDate "2017.07.13"]
[SourceVersion "1"]
[SourceVersionDate "2019.06.21"]
[SourceQuality "1"]

1. d4 e6 2. c4 Nf6 3. Nc3 d5 4. cxd5 exd5 5. Bg5 c6 6. e3 Be7 7. Qc2 Ne4 8.
Bxe7 Qxe7 9. Bd3 Nf6 10. h3 Nbd7 11. Nge2 O-O 12. O-O b6 13. a3 c5 14. b3 Bb7
15. Qc1 Rac8 16. Re1 c4 17. bxc4 dxc4 18. Bf5 g6 19. Bxd7 Qxd7 20. a4 Rfe8 21.
Qc2 Ne4 22. f3 Ng5 23. e4 Ne6 24. d5 Nc5 25. Nd4 Re5 26. g3 Qxh3 27. Nce2 Rh5
28. Kf2 Nd3+ 29. Ke3 Nxe1 30. Nf4 Nxc2+ 0-1

[Event "19. Obert Int. Sant Marti 2017 - B"]
[Site "Barcelona ESP"]
[Date "2017.07.17"]
[Round "5.73"]
[White "Pinyol I Llora, Julia"]
[Black "Minko, Uliana"]
[Result "0-1"]
[WhiteElo "1130"]
[BlackElo "1293"]
[PlyCount "108"]
[EventDate "2017.07.13"]
[EventType "swiss"]
[EventRounds "9"]
[EventCountry "ESP"]
[SourceTitle "Ajedrez en Madrid"]
[Source "lmi"]
[SourceDate "2017.07.13"]
[SourceVersion "1"]
[SourceVersionDate "2019.06.21"]
[SourceQuality "1"]

1. e4 e6 2. d4 d5 3. e5 c5 4. c3 Qb6 5. Nf3 Bd7 6. Be2 Bb5 7. O-O Bxe2 8. Qxe2
Ne7 9. a3 Nf5 10. Qd1 Nc6 11. dxc5 Bxc5 12. b4 Be7 13. Bb2 a5 14. Nbd2 O-O 15.
Nb3 a4 16. Nbd4 Nfxd4 17. cxd4 f6 18. Qd3 fxe5 19. b5 e4 20. Qd2 exf3 21. bxc6
fxg2 22. Kxg2 bxc6 23. Kh1 Rf5 24. Rg1 Rh5 25. Rg2 Qc7 26. Rag1 Bf6 27. Qe3 Qd6
28. Qf3 Rf5 29. Qh3 Rb8 30. f3 Qf4 31. Rg4 Qxf3+ 32. Qxf3 Rxf3 33. R4g2 c5 34.
Bc1 Bxd4 35. Bh6 Rf7 36. Re1 e5 37. h4 Kh8 38. Bg5 Rb3 39. Bc1 c4 40. Rc2 Rf5
41. Kh2 h5 42. Kh1 e4 43. Kh2 Be5+ 44. Kg2 Rg3+ 45. Kh1 Rh3+ 46. Kg1 Bd4+ 47.
Kg2 Rxh4 48. Kg3 Rg4+ 49. Kh3 Rf3+ 50. Kh2 Be5+ 51. Kh1 Rh3+ 52. Rh2 Bxh2 53.
Re2 Be5+ 54. Rh2 Rxh2# 0-1

[Event "19. Obert Int. Sant Marti 2017 - B"]
[Site "Barcelona ESP"]
[Date "2017.07.17"]
[Round "5.75"]
[White "Torres Martinez, Jordi"]
[Black "Orts Gonzalez, Rafael"]
[Result "1/2-1/2"]
[WhiteElo "1634"]
[BlackElo "1026"]
[PlyCount "118"]
[EventDate "2017.07.13"]
[EventType "swiss"]
[EventRounds "9"]
[EventCountry "ESP"]
[SourceTitle "Ajedrez en Madrid"]
[Source "lmi"]
[SourceDate "2017.07.13"]
[SourceVersion "1"]
[SourceVersionDate "2019.06.21"]
[SourceQuality "1"]

1. e4 c6 2. Nc3 d6 3. d4 e6 4. Nf3 Be7 5. d5 e5 6. dxc6 Nxc6 7. Nd5 h6 8. Be3
Bg5 9. Nxg5 hxg5 10. Qd2 f6 11. Bc4 Nge7 12. O-O-O Bd7 13. Nxe7 Qxe7 14. Qxd6
Qxd6 15. Rxd6 f5 16. Bxg5 fxe4 17. c3 Bg4 18. h3 Nd8 19. Re1 Bf5 20. g4 Bh7 21.
Red1 Nc6 22. Bb5 O-O 23. Bxc6 bxc6 24. Rxc6 Rxf2 25. Rc7 e3 26. Rh1 e2 27. Re1
Rf1 28. Kd2 Rb8 29. b4 Rbf8 30. Rxe2 R8f3 31. Rxa7 Rd3+ 32. Kc2 Rd7+ 33. Kb3
Rxa7 34. Rxe5 Rb1+ 35. Kc4 Rxa2 36. Kc5 Rc2 37. Re3 Rxb4 38. Kxb4 Rb2+ 39. Kc5
Rb7 40. Kc6 Ra7 41. c4 Bg6 42. Kb6 Rd7 43. c5 Kf8 44. c6 Rd4 45. c7 Rc4 46. Re6
Be8 47. Kb7 Bd7 48. Re7 Rb4+ 49. Ka7 Bc8 50. Re3 Rb7+ 51. Ka8 Rxc7 52. Kb8 Rc2
53. Rd3 Ba6 54. Rd8+ Kf7 55. h4 Rg2 56. Rd4 Be2 57. Rd2 Bf3 58. Rd7+ Kg8 59.
Rd8+ Kh7 1/2-1/2

[Event "19. Obert Int. Sant Marti 2017 - B"]
[Site "Barcelona ESP"]
[Date "2017.07.17"]
[Round "5.76"]
[White "Bermejo Cuadra, Roberto"]
[Black "Alabart Paytubi, Josep"]
[Result "1-0"]
[WhiteElo "1312"]
[BlackElo "1347"]
[PlyCount "77"]
[EventDate "2017.07.13"]
[EventType "swiss"]
[EventRounds "9"]
[EventCountry "ESP"]
[SourceTitle "Ajedrez en Madrid"]
[Source "lmi"]
[SourceDate "2017.07.13"]
[SourceVersion "1"]
[SourceVersionDate "2019.06.21"]
[SourceQuality "1"]

1. d4 d5 2. Nf3 Nf6 3. Nc3 Bf5 4. e3 a6 5. h3 e6 6. g4 Bg6 7. Ne5 Be7 8. f3
Nbd7 9. Nxd7 Nxd7 10. Bg2 Bh4+ 11. Kf1 O-O 12. f4 Be7 13. Qe2 f6 14. Kg1 c5 15.
f5 Bf7 16. fxe6 Bxe6 17. Nxd5 Rb8 18. Nxe7+ Qxe7 19. d5 Bf7 20. Bd2 Nb6 21. e4
c4 22. Bf4 Rbc8 23. Qf2 Nd7 24. d6 Qd8 25. Kh2 Ne5 26. Bxe5 fxe5 27. Qd2 Be6
28. Rhf1 b5 29. Rxf8+ Kxf8 30. Rf1+ Kg8 31. c3 Rc6 32. Rd1 Kf8 33. g5 Bd7 34.
Bf3 Be8 35. d7 Bf7 36. Bg4 Ke7 37. h4 Be6 38. Bxe6 Kxe6 39. Qd5+ 1-0